Folklore infantil en la educación
Сохранить в:
| Главный автор: | |
|---|---|
| Формат: | |
| Язык: | испанский |
| Опубликовано: |
Santiago
Editorial Andres Bello
2010
|
| Редактирование: | 4a. ed |
| Предметы: | |
| Метки: |
Добавить метку
Нет меток, Требуется 1-ая метка записи!
|
MARC
| LEADER | 00000cam a2200000 a 4500 | ||
|---|---|---|---|
| 001 | UCE3256 | ||
| 003 | CL-VaPUC | ||
| 008 | 140821e20100000cl |||||||||||||||||spa|d | ||
| 020 | |a 9789561312531 | ||
| 082 | 0 | 4 | |a 398.20983 |b PEÑ |2 21 |
| 100 | 0 | |a Peña Muñoz, Manuel |e author |9 575812 | |
| 245 | 1 | 0 | |a Folklore infantil en la educación |
| 250 | |a 4a. ed | ||
| 300 | |a 120 p | ||
| 942 | |c BK | ||
| 945 | |d 20140821 14:35:00 |a arojas | ||
| 260 | |a Santiago |b Editorial Andres Bello |c 2010 | ||
| 650 | 7 | |a FOLKLORE |2 CL-VaPUC |9 268291 | |
| 650 | 0 | |a Métodos de enseñanza |9 270413 | |
| 650 | 0 | |a Cultura popular |9 307504 | |
| 650 | 0 | |a Costumbres y tradiciones |9 268292 | |
| 650 | 0 | |a Literatura folklórica |9 306605 | |
| 583 | |a last modification |c 20170829 04:59:22 |k Rodrigo Vera | ||
| 999 | |c 356679 |d 356677 | ||